Gaming Quiz

Random Gaming or Video Games Quiz

Videogame Series Subtitles Quiz Stats

Quiz Updated Jun 11, 2012

Challenge
Share
Tweet
Embed
Score 0/40 Timer 09:00
1 Play Today
Subtitles VG Series % Correct
Vice City, San Andreas, Chinatown WarsGrand Theft Auto
97.6%
Sports, Music, FitWii
93.9%
Bros., Sunshine, GalaxySuper Mario
93.1%
Smash Hits, Legends of Rock, MetallicaGuitar Hero
92%
Skyrim, Morrowind, OblivionThe Elder Scrolls
79.3%
Star Wars: The Video Game, Indiana Jones: The Original Adventures, Harry Potter: Years 1-4LEGO
78.8%
Combat Evolved, ODST, ReachHalo
78.6%
Pro Skater, American Wasteland, Downhill JamTony Hawk's
76.9%
Night of the Living Treehouse of Horror, Virtual Springfield, Hit & RunThe Simpsons
72.5%
Dark Tomorrow, Rise of Sin Tzu, Arkham AsylumBatman
66.2%
Codename 47, Silent Assassin, Blood MoneyHitman
56.1%
Bustin' Out, Life Stories, MedievalThe Sims
51.5%
Agent Under Fire, Everything or Nothing, Blood StoneJames Bond
45.6%
Chef's Luv Shack, Imaginationland, Let's Go Tower Defense Play!South Park
44.9%
Hardcore, Ultimate, Xtreme Beach VolleyballDead or Alive
43%
The Great Escape, Hoodlum Havoc, Raving RabbidsRayman
42.4%
Point of Impact, Takedown, ParadiseBurnout
42%
Tricky, On Tour, BlurSSX
40.5%
Pandora Tomorrow, Chaos Theory, Double AgentSplinter Cell
40.1%
Red Alert, Generals, Tiberian TwilightCommand & Conquer
38.7%
Subtitles VG Series % Correct
Munch's Oddysee, Abe's Exoddus, Stranger's WrathOddworld
34.5%
MegaMix, Disney Mix, KonamixDance Dance Revolution
26.3%
Fight for NY, Icon, RapstarDef Jam
25.7%
Toys in Space, Sarge's Heroes, Soldiers of MisfortuneArmy Men
22.9%
Just Bring It, Here Comes the Pain, Shut Your MouthWWE SmackDown
22.9%
The Last Revelation, The Angel of Darkness, UnderworldTomb Raider
22.2%
Shadow of Chernobyl, Clear Sky, Call of PripyatS.T.A.L.K.E.R.
19.2%
Armageddon, Forts: Under Siege, A Space OddityWorms
19.2%
Underwater Agent, Codename RoboCod, Operation StarfishJames Pond
15.3%
Persona, Digital Devil Saga, ImagineShin Megami Tensei
14.6%
The Dark Project, The Metal Age, Deadly ShadowsThief
13.8%
Big Willy Unleashed, Path of the Furon, Crypto Does VegasDestroy All Humans!
12.9%
Zwei, Saga, OrtaPanzer Dragoon
11.9%
Restaurant Rescue, Flo on the Go, BOOM!Diner Dash
11.8%
The Art of Learning, Grandmaster Edition, 4000 TurboChessmaster
10%
No Need to Hide When It’s Dark Outside, Thunder and Lightning Aren't so Frightening, You Are What You Eat From Your Head To Your FeetPajama Sam
9.5%
Wedding Designer, Animal Doctor Care Center, Babyz FashionImagine
9.4%
Electrosphere, The Belkan War, Shattered SkiesAce Combat
9%
Hour of Darkness, Cursed Memories, Absence of JusticeDisgaea
7.9%
Beat, Void, FateBit.Trip
7.3%

You're not logged in!

Compare scores with friends on all Sporcle quizzes.
Join for Free
OR
Log In

You Might Also Like...

Show Comments

Extras

Top Quizzes Today


Score Distribution

Your Account Isn't Verified!

In order to create a playlist on Sporcle, you need to verify the email address you used during registration. Go to your Sporcle Settings to finish the process.

Report this User

Report this user for behavior that violates our Community Guidelines.

Details: